Estudos de história da arte da renascença (Registo nº 197966)

Detalhes MARC
000 -Etiqueta do registo
Valores 00610nam 22001933 4500
021 ## - Número do Depósito Legal
Código do país Portugal
100 ## - Dados gerais de processamento
Dados gerais 20250918d u||y0pory50 ba
200 ## - Titulo e menção de responsabilidade
Título próprio Estudos de história da arte da renascença
Primeira menção de responsabilidade A. Nogueira e Silva
210 ## - Publicação
Local de publicação Aveiro
Nome do editor Livraria Estante Editora
Data de publicação [19--?]
215 ## - Descrição física 
Paginação / Volumes 311 p.
Outras indicações físicas il.; brochado
Dimensões 23 cm
225 ## - Colecção 
Título próprio da colecção Paisagem-Arte
Menção de responsabilidade Colecção dirigida pelo Prof. Doutor Pedro Dias
Indicação de volume 4
606 ## - Nome comum usado como assunto
ID Autoridade 4600
Palavra de ordem Arquitetura
675 ## - CDU
Notação 72(469)
Edição PT
Língua por
700 ## - Autor principal (pessoa individual)
ID Autoridade 13987
Apelido Gonçalves
Nome A. Nogueira
Datas 1901-1998
801 ## - Fonte de origem
País PT
Agência BMMN
Regras de catalogação RPC
830 ## - Notas gerais do catalogador
Criado por Ana
Indexado por Ana
990 ## - Elementos KOHA
Tipo de documento Livro
Exemplares
Situação do levantamento Biblioteca de origem Código de barras Cota Permissão de empréstimo Tipo de documento Forma de aquisição
  Biblioteca Municipal de Montemor-o-Novo 26158 72 GON|DEP   Livro Compra

Powered by Koha